000 00439cam a2200181ua 4500
020 _cRs 3.00
041 _aeng
_h
082 _a320.58
_bGAN/TO
100 _aGandhi, M K.
245 _aTo the students /
_cM K Gandhi.
_hTextual Documents
260 _aAhmadabad :
_bNavajivan publishing house ,
_c1958.
300 _a290 ; .
365 _aRs 3.00
504 _a
650 _aGandhiana
942 _cBK
999 _c1095
_d1095